000 00504nam a2200181 4500
003 SEACOMEC
005 20250207123934.0
008 240113b |||||||| |||| 00| 0 eng d
020 _cRs.299.00
040 _aSEACOMEC
082 _a005.43
_bS782
100 _aStallings, William
245 1 _aOperating system: internal and design principles /
_cWilliam Stallings
250 _a5th ed.
260 _aDelhi
_bPearson
_c2005
650 _aComputer science,*Systems programming and programs
942 _cBOOK
999 _c478
_d478